|
|
|
|
| LEADER |
00000cam a2200000 c 4500 |
| 001 |
027328864 |
| 003 |
DE-627 |
| 005 |
20260128172234.0 |
| 007 |
tu |
| 008 |
830329s1982 xxk||||| 00| ||eng c |
| 010 |
|
|
|a 81024192
|
| 016 |
7 |
|
|a B8219257
|2 UK
|
| 020 |
|
|
|a 052124417X
|9 0-521-24417-X
|
| 035 |
|
|
|a (DE-627)027328864
|
| 035 |
|
|
|a (DE-603)068496737
|
| 035 |
|
|
|a (DE-576)009104518
|
| 035 |
|
|
|a (DE-599)GBV027328864
|
| 035 |
|
|
|a (OCoLC)251562168
|
| 035 |
|
|
|a (OCoLC)08132129
|
| 035 |
|
|
|a (DE-604)8034029508
|
| 040 |
|
|
|a DE-627
|b ger
|c DE-627
|e rakwb
|
| 041 |
|
|
|a eng
|
| 044 |
|
|
|c XA-GB
|c XD-US
|c XE-AU
|
| 050 |
|
0 |
|a BX9418
|
| 082 |
0 |
|
|a 261.7/092/4
|q LOC
|2 19
|
| 082 |
0 |
|
|a 320.5/5
|q OCLC
|
| 082 |
0 |
|
|a 261.70924
|
| 082 |
0 |
|
|a 320.55
|q LoC
|2 DDC19oclc
|
| 084 |
|
|
|a 3,6
|2 ssgn
|
| 084 |
|
|
|a 1
|2 ssgn
|
| 084 |
|
|
|a BW 13197
|2 rvk
|0 (DE-625)rvk/17087:11768
|
| 084 |
|
|
|a MC 4372
|2 rvk
|0 (DE-625)rvk/122354:11647
|
| 084 |
|
|
|a MC 4370
|2 rvk
|0 (DE-625)rvk/122354:11645
|
| 084 |
|
|
|a NN 2000
|2 rvk
|0 (DE-625)rvk/126695:
|
| 084 |
|
|
|a 11.55
|2 bkl
|
| 100 |
1 |
|
|a Höpfl, Harro
|4 aut
|
| 245 |
1 |
4 |
|a The christian polity of John Calvin
|c Harro Höpfl
|
| 264 |
|
1 |
|a Cambridge {[u.a.]
|b Cambridge Univ. Press
|c 1982
|
| 300 |
|
|
|a X, 303 S
|c 23 cm
|
| 336 |
|
|
|a Text
|b txt
|2 rdacontent
|
| 337 |
|
|
|a ohne Hilfsmittel zu benutzen
|b n
|2 rdamedia
|
| 338 |
|
|
|a Band
|b nc
|2 rdacarrier
|
| 490 |
0 |
|
|a Cambridge studies in the history and theory of politics
|
| 505 |
8 |
|
|a Literaturverz. S. 290 - 297
|
| 505 |
8 |
|
|a Literaturverz. S. 290 - 297
|
| 505 |
8 |
|
|a Literaturverz. S. 290 - 297
|
| 583 |
1 |
|
|a Massenentsäuert
|c 2010
|2 pdager
|5 DE-18
|
| 583 |
1 |
|
|a Archivierung/Langzeitarchivierung gewährleistet
|f SSG
|x XA-DE-BW
|2 pdager
|5 DE-21
|
| 583 |
1 |
|
|a Archivierung prüfen
|c 20240324
|f DE-4165
|z 2
|2 pdager
|
| 600 |
1 |
0 |
|a Calvin, Jean
|d 1509-1564
|x Political and social views
|
| 600 |
1 |
7 |
|0 (DE-588)118518534
|0 (DE-627)135562805
|0 (DE-576)16051309X
|a Calvin, Jean
|d 1509-1564
|2 gnd
|
| 650 |
|
0 |
|a Christianity and politics
|x Reformed Church
|
| 650 |
0 |
7 |
|0 (DE-588)4115590-7
|0 (DE-627)105813125
|0 (DE-576)209494522
|a Politisches Denken
|2 gnd
|
| 650 |
0 |
7 |
|0 (DE-588)4076226-9
|0 (DE-627)104814128
|0 (DE-576)209201223
|a Politische Philosophie
|2 gnd
|
| 689 |
0 |
0 |
|d p
|0 (DE-588)118518534
|0 (DE-627)135562805
|0 (DE-576)16051309X
|2 gnd
|a Calvin, Jean
|d 1509-1564
|
| 689 |
0 |
1 |
|d s
|0 (DE-588)4077784-4
|0 (DE-627)106079271
|0 (DE-576)209206268
|2 gnd
|a Staatslehre
|
| 689 |
0 |
|
|5 (DE-627)
|
| 700 |
1 |
|
|0 (DE-588)118518534
|0 (DE-627)135562805
|0 (DE-576)16051309X
|4 oth
|a Calvin, Jean
|d 1509-1564
|
| 776 |
0 |
8 |
|i Erscheint auch als
|n Online-Ausgabe
|a Höpfl, Harro
|t The Christian polity of John Calvin
|d Cambridge : Cambridge University Press, 1982
|h 1 Online-Ressource (x, 303 pages)
|w (DE-627)88338289X
|w (DE-576)482671017
|z 9780511571435
|k Electronic
|
| 787 |
0 |
8 |
|i Rezensiert in
|a Wright, A. D.
|t REVIEWS
|d 1983
|w (DE-627)1783662530
|
| 787 |
0 |
8 |
|i Rezensiert in
|a Danner, Dan G.
|t [Rezension von: Hopfl, Harro, The Christian Polity of John Calvin]
|d 1983
|w (DE-627)1802319220
|
| 787 |
0 |
8 |
|i Rezensiert in
|a Garside, Charles
|t [Rezension von: Hopfl, Harro, The Christian Polity of John Calvin]
|d 1986
|w (DE-627)1802323198
|
| 856 |
4 |
2 |
|u http://www.loc.gov/catdir/description/cam031/81024192.html
|x Verlag
|y Publisher description
|7 1
|
| 856 |
4 |
2 |
|u http://www.loc.gov/catdir/enhancements/fy0834/81024192-t.html
|x Verlag
|y Table of contents only
|7 1
|
| 889 |
|
|
|w (DE-627)441675697
|
| 935 |
|
|
|a mteo
|a JALB
|
| 935 |
|
|
|i mdedup
|
| 935 |
|
|
|i Blocktest
|
| 935 |
|
|
|h HEB
|i 0501
|
| 935 |
|
|
|h HEB
|i 0503
|
| 936 |
r |
v |
|a BW 13197
|b Abhandlungen, Studien
|k Theologie und Religionswissenschaften
|k Evangelische Theologie
|k Evangelische Theologiegeschichte
|k Zeitalter der Reformation
|k Autoren
|k Autoren C
|k Calvin, Jean
|k Abhandlungen, Studien
|0 (DE-627)1271508788
|0 (DE-625)rvk/17087:11768
|0 (DE-576)201508788
|
| 936 |
r |
v |
|a MC 4372
|b Sekundärliteratur
|k Politologie
|k Geschichte der politischen Philosophie und der Ideologien
|k Frühe Neuzeit (bis 1700)
|k Renaissance und Humanismus
|k Reformatoren
|k Calvin, Jean
|k Sekundärliteratur
|0 (DE-627)127224346X
|0 (DE-625)rvk/122354:11647
|0 (DE-576)20224346X
|
| 936 |
r |
v |
|a MC 4370
|b Gesamtausgaben
|k Politologie
|k Geschichte der politischen Philosophie und der Ideologien
|k Frühe Neuzeit (bis 1700)
|k Renaissance und Humanismus
|k Reformatoren
|k Calvin, Jean
|k Gesamtausgaben
|0 (DE-627)1271424592
|0 (DE-625)rvk/122354:11645
|0 (DE-576)201424592
|
| 936 |
r |
v |
|a NN 2000
|b Darstellungen
|k Geschichte
|k Neuere Geschichte
|k Zeitalter der Reformation (1517 - 1555)
|k Kirchengeschichte
|k Calvin und Calvinismus
|k Calvin
|k Darstellungen
|0 (DE-627)1271465256
|0 (DE-625)rvk/126695:
|0 (DE-576)201465256
|
| 936 |
b |
k |
|a 11.55
|j Protestantismus
|0 (DE-627)106403907
|
| 936 |
s |
n |
|a b100
|2 mzub
|
| 936 |
s |
n |
|a m100
|2 mzub
|
| 936 |
s |
n |
|a n100
|2 mzub
|
| 951 |
|
|
|a BO
|
| ELC |
|
|
|b 1
|
| ITA |
|
|
|a 1
|t 1
|
| LOK |
|
|
|0 000 xxxxxcx a22 zn 4500
|
| LOK |
|
|
|0 001 3185622383
|
| LOK |
|
|
|0 003 DE-627
|
| LOK |
|
|
|0 004 027328864
|
| LOK |
|
|
|0 005 19981010000000
|
| LOK |
|
|
|0 008 940928||||||||||||||||ger|||||||
|
| LOK |
|
|
|0 040
|a DE-21
|c DE-627
|d DE-21
|
| LOK |
|
|
|0 852
|a DE-21
|
| LOK |
|
|
|0 852 1
|c 23 A 1838
|9 00
|
| LOK |
|
|
|0 935
|a comp
|a konv
|
| LOK |
|
|
|0 939
|a 28-09-94
|b l01
|
| LOK |
|
|
|0 000 xxxxxcx a22 zn 4500
|
| LOK |
|
|
|0 001 4578050505
|
| LOK |
|
|
|0 003 DE-627
|
| LOK |
|
|
|0 004 027328864
|
| LOK |
|
|
|0 005 20240909125445
|
| LOK |
|
|
|0 008 240909||||||||||||||||ger|||||||
|
| LOK |
|
|
|0 040
|a DE-Tue135
|c DE-627
|d DE-Tue135
|
| LOK |
|
|
|0 092
|o n
|
| LOK |
|
|
|0 852
|a DE-Tue135
|
| LOK |
|
|
|0 852 1
|9 00
|
| LOK |
|
|
|0 866
|x SPQUE#Johannes a Lasco Bibliothek
|
| LOK |
|
|
|0 935
|a JALB
|
| LOK |
|
|
|0 939
|a 09-09-24
|b l01
|
| ORI |
|
|
|a SA-MARC-ixtheoa001.raw
|
| REL |
|
|
|a 1
|
| STA |
0 |
0 |
|a Political ideas,Political and social views,Political philosophy,State,Political science,Theory of the state,State
|
| STB |
0 |
0 |
|a Pensée politique,Pensée politique et sociale,Philosophie politique,Théorie de l'État
|
| STC |
0 |
0 |
|a Doctrina del Estado,Filosofía política,Pensamiento político
|
| STD |
0 |
0 |
|a Dottrina dello stato,Filosofia politica,Pensiero politico
|
| STE |
0 |
0 |
|a 国家学,政治哲学
|
| STF |
0 |
0 |
|a 國家學,政治哲學
|
| STG |
0 |
0 |
|a Doutrina do Estado,Filosofia política,Pensamento político
|
| STH |
0 |
0 |
|a Политическая философия,Политическое мышление,Учение о государстве
|
| STI |
0 |
0 |
|a Πολιτειολογία,Πολιτική σκέψη,Πολιτική φιλοσοφία
|
| SUB |
|
|
|a REL
|
| SYA |
0 |
0 |
|a Calvin, ...,1509-1564,Calvin, Iean,1509-1564,Calvin, Johannis,1509-1564,Calvyn, Johannes,1509-1564,Calvinius, Johannes,1509-1564,Calvi, Jean,1509-1564,Calluyne, Johan,1509-1564,Calví, Joan,1509-1564,Kalvijn, Johan,1509-1564,Calvijn, Johan,1509-1564,Caluin, Iean,1509-1564,Alcuino,1509-1564,Alcuinus,1509-1564,Calvin, Johannes,1509-1564,Cauvin, Jehan,1509-1564,Karubian, Zian,1509-1564,Calvinus, Janos,1509-1564,Kalvin, Johann,1509-1564,Kalwin, Jan,1509-1564,Kalvín, Jan,1509-1564,Kalvin, Jan,1509-1564,Kalvinas, Žanas,1509-1564,Kalvinas, Zanas,1509-1564,Calvinus, Johannes aus Noyon,1509-1564,Espeville, Charles d',1509-1564,Eusebius Pamphilus,1509-1564,Pamphilus, Eusebius,1509-1564,Calvijn, Jan,1509-1564,Calvinus, Iohannes,1509-1564,Cauvin, Jean,1509-1564,Calvin, Jehan,1509-1564,Calvin, John,1509-1564,Calvinus, Jean,1509-1564,Calvinus, Johannes,1509-1564,Calvinus, Joannes,1509-1564,Calvyne, John,1509-1564,Caluine, John,1509-1564,Calvine, John,1509-1564,Calvino, Juan,1509-1564,Chauvin, Jean,1509-1564,Calvinus, Ioannes,1509-1564,Calvino, Giovanni,1509-1564,Calvus, Johannes,1509-1564,Calinus, Johannes,1509-1564,Calvin, Ioan,1509-1564,Kálvin, János,1509-1564,Calvin,1509-1564,Passelius, Carolus,1509-1564,Calvini, Ioannis,1509-1564,Calvin, Johann,1509-1564 , Calvin, ...,1509-1564,Calvin, Iean,1509-1564,Calvin, Johannis,1509-1564,Calvyn, Johannes,1509-1564,Calvinius, Johannes,1509-1564,Calvi, Jean,1509-1564,Calluyne, Johan,1509-1564,Calví, Joan,1509-1564,Kalvijn, Johan,1509-1564,Calvijn, Johan,1509-1564,Caluin, Iean,1509-1564,Alcuino,1509-1564,Alcuinus,1509-1564,Calvin, Johannes,1509-1564,Cauvin, Jehan,1509-1564,Karubian, Zian,1509-1564,Calvinus, Janos,1509-1564,Kalvin, Johann,1509-1564,Kalwin, Jan,1509-1564,Kalvín, Jan,1509-1564,Kalvin, Jan,1509-1564,Kalvinas, Žanas,1509-1564,Kalvinas, Zanas,1509-1564,Calvinus, Johannes aus Noyon,1509-1564,Espeville, Charles d',1509-1564,Eusebius Pamphilus,1509-1564,Pamphilus, Eusebius,1509-1564,Calvijn, Jan,1509-1564,Calvinus, Iohannes,1509-1564,Cauvin, Jean,1509-1564,Calvin, Jehan,1509-1564,Calvin, John,1509-1564,Calvinus, Jean,1509-1564,Calvinus, Johannes,1509-1564,Calvinus, Joannes,1509-1564,Calvyne, John,1509-1564,Caluine, John,1509-1564,Calvine, John,1509-1564,Calvino, Juan,1509-1564,Chauvin, Jean,1509-1564,Calvinus, Ioannes,1509-1564,Calvino, Giovanni,1509-1564,Calvus, Johannes,1509-1564,Calinus, Johannes,1509-1564,Calvin, Ioan,1509-1564,Kálvin, János,1509-1564,Calvin,1509-1564,Passelius, Carolus,1509-1564,Calvini, Ioannis,1509-1564,Calvin, Johann,1509-1564
|
| SYE |
0 |
0 |
|a Politische Ideen,Staatsdenken,Staatsgedanke,Politische Idee , Staatsauffassung,Staatsgedanke,Staatsphilosophie
|
| SYG |
0 |
0 |
|a Calvin, ...,1509-1564,Calvin, Iean,1509-1564,Calvin, Johannis,1509-1564,Calvyn, Johannes,1509-1564,Calvinius, Johannes,1509-1564,Calvi, Jean,1509-1564,Calluyne, Johan,1509-1564,Calví, Joan,1509-1564,Kalvijn, Johan,1509-1564,Calvijn, Johan,1509-1564,Caluin, Iean,1509-1564,Alcuino,1509-1564,Alcuinus,1509-1564,Calvin, Johannes,1509-1564,Cauvin, Jehan,1509-1564,Karubian, Zian,1509-1564,Calvinus, Janos,1509-1564,Kalvin, Johann,1509-1564,Kalwin, Jan,1509-1564,Kalvín, Jan,1509-1564,Kalvin, Jan,1509-1564,Kalvinas, Žanas,1509-1564,Kalvinas, Zanas,1509-1564,Calvinus, Johannes aus Noyon,1509-1564,Espeville, Charles d',1509-1564,Eusebius Pamphilus,1509-1564,Pamphilus, Eusebius,1509-1564,Calvijn, Jan,1509-1564,Calvinus, Iohannes,1509-1564,Cauvin, Jean,1509-1564,Calvin, Jehan,1509-1564,Calvin, John,1509-1564,Calvinus, Jean,1509-1564,Calvinus, Johannes,1509-1564,Calvinus, Joannes,1509-1564,Calvyne, John,1509-1564,Caluine, John,1509-1564,Calvine, John,1509-1564,Calvino, Juan,1509-1564,Chauvin, Jean,1509-1564,Calvinus, Ioannes,1509-1564,Calvino, Giovanni,1509-1564,Calvus, Johannes,1509-1564,Calinus, Johannes,1509-1564,Calvin, Ioan,1509-1564,Kálvin, János,1509-1564,Calvin,1509-1564,Passelius, Carolus,1509-1564,Calvini, Ioannis,1509-1564,Calvin, Johann,1509-1564 , Staat - Staatslehre,Allgemeine Staatslehre,Staatsauffassung,Staatsgedanke,Staatsidee,Staatskunde,Staatstheorie
|